| 000 | 004770000a22001690004500 | ||
|---|---|---|---|
| 003 | MACL | ||
| 005 | 20151230155503.0 | ||
| 008 | 151230b xxu||||| |||| 00| 0 eng d | ||
| 040 |
_aMACL _cMACL |
||
| 041 | _aEnglish | ||
| 082 | _a294.6/MAC | ||
| 100 |
_aMacauliffe, Max Arthur _925161 |
||
| 245 |
_aThe Sikh Religion _bIts Gurus Sacred writings and Authors vol 6 |
||
| 260 |
_bOxford University Press _c1909 _aLondon |
||
| 650 |
_aReligion _925162 |
||
| 942 |
_cBK _k294.6/MAC _2ddc |
||
| 999 |
_c36762 _d36762 |
||